Loreto College Library, Kolkata
WEBOPAC (ONLINE PUBLIC ACCESS CATALOGUE)

Romtha (Record no. 41680)

MARC details
000 -LEADER
fixed length control field 00627nam a2200217Ia 4500
005 - DATE AND TIME OF LATEST TRANSACTION
control field 20180713142635.0
008 - FIXED-LENGTH DATA ELEMENTS--GENERAL INFORMATION
fixed length control field 131103s9999 xx 000 0 und d
020 ## - ISBN | অাই এস বি এন
ISBN | অাই এস বি এন 8170462576
PRICE Rs.250.00
040 ## - CATALOGING SOURCE
Original cataloging agency Loreto College
041 ## - LANGUAGE CODE
Language code English
082 ## - DDC | ডিউই
Classification number | বর্গসংখ্যা 891.443
Book Number | গ্রন্থাঙ্ক DEV
100 ## - MAIN ENTRY--PERSONAL NAME | মুখ্য সংলেখ - ব্যাক্তিনাম
Personal name | ব্যাক্তিনাম Devi, Mahasweta
245 ## - TITLE STATEMENT | অাখ্যা বিবরণী
Title | অাখ্যা Romtha
Statement of responsibility | লেখকের দায়িত্বের বিবরণ Mahasweta Devi;translated by Pinaki Bhattacharya
260 ## - IMPRINT | প্রকাশনা ক্ষেত্র
Place of publication | প্রকাশ স্থান Calcutta and New Delhi
Name of publisher | প্রকাশকের নাম Seagull Books
Date of publication | প্রকাশ কাল 2004
300 ## - PHYSICAL DESCRIPTION |
Page / Vol. No | পৃষ্ঠা / খন্ড সংখ্যা xxi,72p
650 ## - SUBJECT ADDED ENTRY--TOPICAL TERM | বিষয় শিরোনাম - মূল বিষয়
Topical term | মূল বিষয় Fiction translated from Bengali
650 ## - SUBJECT ADDED ENTRY--TOPICAL TERM | বিষয় শিরোনাম - মূল বিষয়
Topical term | মূল বিষয় Literature in Indian languages
700 ## - ADDED ENTRY--PERSONAL NAME | অতিরিক্ত সংলেখ - ব্
Personal name | ব্যাক্তিনাম Bhattacharya, Pinaki
Relator code | দায়িত্ব নির্দেশক tr.
850 ## - HOLDING INSTITUTION
Holding institution LCLIB
942 ## - ADDED ENTRY ELEMENTS (KOHA)
Koha item type Books
Holdings
Withdrawn status Lost status Source of classification Damaged status Not for loan Home library Current library Date acquired Price Total Checkouts Full call number Accession No. Date last seen Price effective from Koha item type
    Dewey Decimal Classification     Loreto College Loreto College 13/07/2018 250.00   891.443 DEV 52695 45598 13/07/2018 13/07/2018 Books